000 00191 a2200097 4500
020 _a9781368056120
041 _aspa
100 _aWillems, Mo
245 _aVamos a dar una Vuelta
942 _cBK
999 _c30435
_d30433